00310nam a22001217a 4500003000400000008004100004020001800045082001500063100001500078245004900093260003800142300000800180OSt240410b |||||||| |||| 00| 0 eng d a9789390620098 a006.33 DAA aDAS,Lyla B aArtificial Intelligence and Machine Learning aNew DelhibIK Internationalc2023 a551